[Event "FRA-ch U20 Girls"]
[Site "La Roche sur Yon"]
[Date "2008.04.24"]
[Round "5"]
[White "Vidal, Marguerite"]
[Black "Belloc, Sidonie"]
[Result "0-1"]
[WhiteElo "1380"]
[BlackElo "1789"]
[PlyCount "65"]
[EventDate "2008.04.21"]
[EventType "tourn"]
[EventRounds "9"]
[EventCountry "FRA"]
[SourceTitle "EXT 2010"]
[Source "ChessBase"]
[SourceDate "2010.11.25"]
[SourceVersion "1"]
[SourceVersionDate "2010.11.25"]
[SourceQuality "1"]

1. e4 e6 2. d4 d5 3. e5 c5 4. Nf3 Nc6 5. c3 Qb6 6. b3 cxd4 7. Nxd4 Nxe5 8. Be2 Nf6 9. 0-0 a6 10. Bf4 Bd6 11. Be3 Qc7 12. Qc2 0-0 13. Nd2 Ng6 14. N2f3 e5 15. Nf5 Bxf5 16. Qxf5 e4 17. Nd4 Bxh2+ 18. Kh1 Bd6 19. Bg5 Ne7 20. Qh3 Qd7 21. Qxd7 Nxd7 22. f4 h6 23. Bxe7 Bxe7 24. c4 dxc4 25. Bxc4 Nb6 26. Nf5 Bb4 27. Ne3 Rad8 28. Rf2 Rd2 29. Rxd2 Bxd2 30. Nf5 Bxf4 31. Re1 Re8 32. Bd3 g6 33. Ne3 0-1